[Event "Winnipeg TNT Aug op"]
[Site "Winnipeg CAN"]
[Date "2005.08.09"]
[Round "2"]
[White "Reimer, Bruce"]
[Black "Oberton, Daniel"]
[Result "0-1"]
[WhiteElo "1474"]
[BlackElo "1679"]
[PlyCount "36"]
[GameId "2160767910900740"]
[EventDate "2005.08.02"]
[EventType "swiss"]
[EventRounds "4"]
[EventCountry "CAN"]
[SourceTitle "EXT 2007"]
[Source "ChessBase"]
[SourceDate "2006.11.23"]
[SourceVersion "1"]
[SourceVersionDate "2006.11.23"]
[SourceQuality "1"]

1. c4 Nf6 2. g3 g6 3. Bg2 Bg7 4. Nc3 Nc6 5. e4 d6 6. Nge2 e5 7. O-O Be6 8. d3 Qd7 9. Nd5 h6 10. a3 Ne7 11. b4 Nexd5 12. cxd5 Bh3 13. Bb2 h5 14. Rc1 h4 15. Rc3 hxg3 16. fxg3 Bxg2 17. Kxg2 Qh3+ 18. Kf2 Ng4+ 0-1

[Event "Winnipeg TNT Aug op"]
[Site "Winnipeg CAN"]
[Date "2005.08.09"]
[Round "2"]
[White "Rutter, Blair"]
[Black "Nikouline, Alexandre"]
[Result "1-0"]
[WhiteElo "1760"]
[BlackElo "1924"]
[PlyCount "129"]
[GameId "2160767910900741"]
[EventDate "2005.08.02"]
[EventType "swiss"]
[EventRounds "4"]
[EventCountry "CAN"]
[SourceTitle "EXT 2007"]
[Source "ChessBase"]
[SourceDate "2006.11.23"]
[SourceVersion "1"]
[SourceVersionDate "2006.11.23"]
[SourceQuality "1"]

1. c4 c5 2. g3 g6 3. Bg2 Bg7 4. Nc3 Nc6 5. e4 e6 6. Nge2 Nge7 7. O-O O-O 8. d3 Nd4 9. Be3 Nec6 10. Qd2 d6 11. f4 Rb8 12. Rf2 b5 13. cxb5 Nxb5 14. h3 Nbd4 15. Kh2 Qa5 16. Rc1 Nxe2 17. Rxe2 Nd4 18. Rf2 Bd7 19. b3 Rfc8 20. Qe1 Qa6 21. Qd1 Nc6 22. f5 exf5 23. Nd5 Be6 24. exf5 Bxf5 25. Rxf5 gxf5 26. Qh5 Re8 27. Bh6 Re6 28. Bxg7 Kxg7 29. Nf4 Ne5 30. Qxf5 Rg6 31. Rc2 Rb4 32. Be4 Qb6 33. Nd5 Qd8 34. Nxb4 cxb4 35. d4 Nd7 36. Qb5 Re6 37. Bf5 Qg5 38. Qf1 Rf6 39. Rf2 Nf8 40. Bd3 Rxf2+ 41. Qxf2 Qf6 42. Qe3 d5 43. Kg2 Ne6 44. Qf3 Qxf3+ 45. Kxf3 Nxd4+ 46. Kf4 Kf6 47. Bxh7 Nb5 48. g4 Nc3 49. g5+ Ke6 50. h4 Nxa2 51. h5 Nc1 52. h6 Ke7 53. Bc2 Kf8 54. Ke5 Ne2 55. Kxd5 Nf4+ 56. Ke5 Ne6 57. Kf6 Kg8 58. g6 fxg6 59. Kxe6 Kh7 60. Kf6 Kxh6 61. Bxg6 a5 62. Be8 Kh7 63. Ke5 Kg7 64. Kd5 Kf8 65. Ba4 1-0

[Event "Winnipeg TNT Aug op"]
[Site "Winnipeg CAN"]
[Date "2005.08.09"]
[Round "2"]
[White "Zaczek, Jonathon"]
[Black "Cleto, Sam"]
[Result "1-0"]
[WhiteElo "2065"]
[BlackElo "1808"]
[PlyCount "55"]
[GameId "2160767910900742"]
[EventDate "2005.08.02"]
[EventType "swiss"]
[EventRounds "4"]
[EventCountry "CAN"]
[SourceTitle "EXT 2007"]
[Source "ChessBase"]
[SourceDate "2006.11.23"]
[SourceVersion "1"]
[SourceVersionDate "2006.11.23"]
[SourceQuality "1"]

1. e4 c5 2. Nf3 d6 3. d4 cxd4 4. Nxd4 Nf6 5. Nc3 a6 6. Bc4 e6 7. Bb3 Nc6 8. Be3 Na5 9. f3 Be7 10. g4 O-O 11. g5 Nd7 12. h4 Nxb3 13. Nxb3 Qc7 14. Qd2 d5 15. exd5 Ne5 16. O-O-O Nc4 17. Qf2 Nxe3 18. Qxe3 Bd6 19. Kb1 b5 20. Qd3 Qc4 21. dxe6 Qxd3 22. Rxd3 Bg3 23. e7 Re8 24. Rd8 Bb7 25. Rhd1 Bc7 26. Rxe8+ Rxe8 27. Rd7 Rc8 28. Rxc7 1-0

[Event "Winnipeg TNT Aug op"]
[Site "Winnipeg CAN"]
[Date "2005.08.16"]
[Round "3"]
[White "Anderson, George"]
[Black "Cheyne, Andrew"]
[Result "0-1"]
[WhiteElo "1508"]
[BlackElo "1406"]
[PlyCount "74"]
[GameId "2160767910900743"]
[EventDate "2005.08.02"]
[EventType "swiss"]
[EventRounds "4"]
[EventCountry "CAN"]
[SourceTitle "EXT 2007"]
[Source "ChessBase"]
[SourceDate "2006.11.23"]
[SourceVersion "1"]
[SourceVersionDate "2006.11.23"]
[SourceQuality "1"]

1. e4 e5 2. Nf3 Nc6 3. d4 exd4 4. c3 dxc3 5. Bc4 cxb2 6. Bxb2 Bb4+ 7. Nc3 d6 8. O-O Bxc3 9. Bxc3 f6 10. Qb3 Nh6 11. Rad1 Qe7 12. e5 fxe5 13. Rfe1 Nf7 14. Bb5 O-O 15. Bxc6 bxc6 16. Bxe5 Be6 17. Bxd6 Bxb3 18. Bxe7 Bxd1 19. Bxf8 Bxf3 20. Bc5 Bd5 21. a3 Nd6 22. f3 Kf7 23. Rb1 a5 24. Kf2 a4 25. Kg3 Nb5 26. Rb4 g5 27. f4 h6 28. fxg5 hxg5 29. Rg4 Nc3 30. Bb4 Ne4+ 31. Rxe4 Bxe4 32. Kf2 Rd8 33. g3 g4 34. Ke3 Re8 35. Kf4 Bf3 36. h4 Re4+ 37. Kf5 Rxb4 0-1

[Event "Winnipeg TNT Aug op"]
[Site "Winnipeg CAN"]
[Date "2005.08.16"]
[Round "3"]
[White "Cleto, Sam"]
[Black "Kohalmi, Andy"]
[Result "0-1"]
[WhiteElo "1808"]
[BlackElo "1605"]
[PlyCount "56"]
[GameId "2160767910900744"]
[EventDate "2005.08.02"]
[EventType "swiss"]
[EventRounds "4"]
[EventCountry "CAN"]
[SourceTitle "EXT 2007"]
[Source "ChessBase"]
[SourceDate "2006.11.23"]
[SourceVersion "1"]
[SourceVersionDate "2006.11.23"]
[SourceQuality "1"]

1. e4 c5 2. Nf3 a6 3. e5 d5 4. c3 Nc6 5. Be2 Bg4 6. d4 e6 7. O-O cxd4 8. b4 Bxf3 9. Bxf3 dxc3 10. Nxc3 Nxe5 11. Re1 Nxf3+ 12. gxf3 Be7 13. b5 Nf6 14. b6 O-O 15. Be3 Rc8 16. Bd4 Nd7 17. Rb1 Rc6 18. Kh1 Bf6 19. Rg1 g6 20. f4 Rxc3 21. Bxc3 Bxc3 22. f5 Qh4 23. Rg3 Be5 24. Rg2 Qe4 25. Rb3 Qxf5 26. Rf3 Qe4 27. Re3 Qd4 28. Qh5 Bg7 0-1

[Event "Winnipeg TNT Aug op"]
[Site "Winnipeg CAN"]
[Date "2005.08.16"]
[Round "3"]
[White "De Groot, Steven"]
[Black "Khedkar, Jay S"]
[Result "0-1"]
[WhiteElo "1617"]
[BlackElo "1880"]
[PlyCount "102"]
[GameId "2160767910900745"]
[EventDate "2005.08.02"]
[EventType "swiss"]
[EventRounds "4"]
[EventCountry "CAN"]
[SourceTitle "EXT 2007"]
[Source "ChessBase"]
[SourceDate "2006.11.23"]
[SourceVersion "1"]
[SourceVersionDate "2006.11.23"]
[SourceQuality "1"]

1. e4 e5 2. Nf3 Nc6 3. Bb5 Nf6 4. O-O Be7 5. Re1 d6 6. c3 O-O 7. d3 Bg4 8. Nbd2 Nh5 9. h3 Bd7 10. Bxc6 Bxc6 11. Nxe5 dxe5 12. Qxh5 Qxd3 13. Qxe5 Rfe8 14. Qd4 Qc2 15. Qe3 Rad8 16. Nb3 Rd3 17. Qe2 Qxe2 18. Rxe2 Rd1+ 19. Kh2 Bd6+ 20. g3 Rxe4 21. Rxe4 Bxe4 22. Be3 Rxa1 23. Nxa1 a5 24. Nb3 a4 25. Nc5 Bc6 26. Nd3 Be4 27. Nc1 a3 28. bxa3 Bxa3 29. f4 Bd5 30. Nb3 b6 31. Kg1 c5 32. Kf2 Kf8 33. Ke2 Ke7 34. Bd2 Ke6 35. Ke3 h5 36. h4 Kf5 37. Be1 Be4 38. Nd2 Bc1 39. Ke2 Bd5 40. Nb3 Bxb3 41. axb3 Ke4 42. Bf2 Bb2 43. Be1 Bc1 44. Bf2 f6 45. b4 cxb4 46. cxb4 b5 47. Bc5 Bb2 48. Be7 Bc3 49. Bc5 Kd5 50. Bf8 g6 51. Be7 Kc4 0-1

[Event "Winnipeg TNT Aug op"]
[Site "Winnipeg CAN"]
[Date "2005.08.16"]
[Round "3"]
[White "Evans, Rick"]
[Black "Zaczek, Jonathon"]
[Result "1-0"]
[WhiteElo "1864"]
[BlackElo "2065"]
[PlyCount "89"]
[GameId "2160767910900747"]
[EventDate "2005.08.02"]
[EventType "swiss"]
[EventRounds "4"]
[EventCountry "CAN"]
[SourceTitle "EXT 2007"]
[Source "ChessBase"]
[SourceDate "2006.11.23"]
[SourceVersion "1"]
[SourceVersionDate "2006.11.23"]
[SourceQuality "1"]

1. d4 Nf6 2. Nf3 g6 3. c4 Bg7 4. Nc3 d5 5. cxd5 Nxd5 6. e4 Nxc3 7. bxc3 O-O 8. Rb1 c5 9. Be3 cxd4 10. cxd4 Qa5+ 11. Qd2 Qxd2+ 12. Kxd2 Nc6 13. d5 Rd8 14. Bd3 Na5 15. Bc5 e6 16. Be7 Rd7 17. d6 a6 18. Rb6 Nc6 19. Rxc6 bxc6 20. Rb1 Bb7 21. e5 c5 22. Rxb7 Rxb7 23. Be4 Rxe7 24. Bxa8 Rd7 25. Bc6 Rd8 26. d7 f6 27. exf6 Bxf6 28. Kd3 Rb8 29. Nd2 Kf7 30. Ne4 Be7 31. f4 h6 32. g4 Bf8 33. g5 hxg5 34. fxg5 a5 35. a4 Ke7 36. Nxc5 Kd6 37. Na6 Rd8 38. Bb5 Be7 39. Kc4 Bxg5 40. Nc5 Rb8 41. Ne4+ Ke7 42. Nxg5 Rf8 43. Ne4 Rf5 44. Nc5 Rf4+ 45. Kd3 1-0

[Event "Winnipeg TNT Aug op"]
[Site "Winnipeg CAN"]
[Date "2005.08.16"]
[Round "3"]
[White "Gibson, Fred"]
[Black "Reimer, Bruce"]
[Result "0-1"]
[WhiteElo "1195"]
[BlackElo "1474"]
[PlyCount "47"]
[GameId "2160767910900748"]
[EventDate "2005.08.02"]
[EventType "swiss"]
[EventRounds "4"]
[EventCountry "CAN"]
[SourceTitle "EXT 2007"]
[Source "ChessBase"]
[SourceDate "2006.11.23"]
[SourceVersion "1"]
[SourceVersionDate "2006.11.23"]
[SourceQuality "1"]

1. d4 Nf6 2. c4 e6 3. Nc3 Bb4 4. a3 Bxc3+ 5. bxc3 O-O 6. Bg5 h6 7. Bh4 d6 8. e4 c5 9. Bd3 e5 10. d5 Nbd7 11. Bxf6 Nxf6 12. Ne2 Bd7 13. O-O Rb8 14. Rb1 Qa5 15. Qc1 a6 16. f4 exf4 17. Rxf4 Qd8 18. Rb6 Qxb6 19. Rxf6 gxf6 20. Qxh6 Bf5 21. Ng3 Bg6 22. Nh5 Bxh5 23. Qxh5 Rfe8 24. e5 0-1

[Event "Winnipeg TNT Aug op"]
[Site "Winnipeg CAN"]
[Date "2005.08.16"]
[Round "3"]
[White "Klassen, Paul"]
[Black "Gibbons, Lorne"]
[Result "0-1"]
[WhiteElo "1530"]
[BlackElo "1326"]
[PlyCount "95"]
[GameId "2160767910900749"]
[EventDate "2005.08.02"]
[EventType "swiss"]
[EventRounds "4"]
[EventCountry "CAN"]
[SourceTitle "EXT 2007"]
[Source "ChessBase"]
[SourceDate "2006.11.23"]
[SourceVersion "1"]
[SourceVersionDate "2006.11.23"]
[SourceQuality "1"]

1. e4 c5 2. Nf3 a6 3. d4 e6 4. Be3 Qb6 5. b3 f6 6. Be2 cxd4 7. Bxd4 Bc5 8. O-O Ne7 9. Qd3 Nbc6 10. Bxc5 Qxc5 11. c4 O-O 12. Nbd2 a5 13. a3 Ng6 14. Qc2 b6 15. Bd3 Bb7 16. Kh1 Rfc8 17. e5 f5 18. Qb2 Ncxe5 19. Nxe5 Nxe5 20. Bc2 Ng4 21. f3 Nf2+ 22. Rxf2 Qxf2 23. Nf1 Rc7 24. Ng3 g6 25. Qc3 Rac8 26. Bd3 Qc5 27. Rc1 d5 28. Nf1 d4 29. Qb2 e5 30. b4 axb4 31. axb4 Qe7 32. Qe2 Re8 33. b5 e4 34. fxe4 Bxe4 35. Ng3 Bxd3 36. Qxd3 Qe3 37. Qxe3 Rxe3 38. Kg1 Rc3 39. Ne2 Rxc1+ 40. Nxc1 Rxc4 41. Nd3 Rc3 42. Ne1 Rb3 43. Nf3 Rb4 44. Kf2 Kf7 45. Ke2 Ke6 46. Kd3 Kd5 47. h3 Rb3+ 48. Kd2 0-1

[Event "Winnipeg TNT Aug op"]
[Site "Winnipeg CAN"]
[Date "2005.08.16"]
[Round "3"]
[White "Oberton, Daniel"]
[Black "Boron, Anthony"]
[Result "0-1"]
[WhiteElo "1679"]
[BlackElo "1981"]
[PlyCount "92"]
[GameId "2160767910900751"]
[EventDate "2005.08.02"]
[EventType "swiss"]
[EventRounds "4"]
[EventCountry "CAN"]
[SourceTitle "EXT 2007"]
[Source "ChessBase"]
[SourceDate "2006.11.23"]
[SourceVersion "1"]
[SourceVersionDate "2006.11.23"]
[SourceQuality "1"]

1. e4 d5 2. exd5 Qxd5 3. Nc3 Qa5 4. d4 c6 5. Nf3 Nf6 6. Bd3 Bg4 7. O-O e6 8. Bd2 Nbd7 9. h3 Bh5 10. a3 Qc7 11. Ne4 Nxe4 12. Bxe4 Nf6 13. Re1 Bd6 14. Bb4 O-O 15. Qd3 Nxe4 16. Qxe4 Bg6 17. Qe2 Rfd8 18. Bxd6 Rxd6 19. Rad1 Rad8 20. c3 f6 21. Nd2 Bf7 22. Qg4 Rd5 23. Ne4 Kh8 24. Nc5 e5 25. Ne6 Bxe6 26. Qxe6 Qd7 27. Qxd7 R8xd7 28. b4 Kg8 29. Re4 b6 30. Kf1 c5 31. Rc1 exd4 32. cxd4 cxb4 33. axb4 Rxd4 34. Rxd4 Rxd4 35. Rc8+ Kf7 36. Rc7+ Kg6 37. Rxa7 Rxb4 38. Rb7 Rb2 39. g3 h5 40. Kg2 b5 41. h4 b4 42. Kf3 b3 43. Rb5 Rb1 44. Rb7 b2 45. Rb5 Kf7 46. Rb7+ Ke6 0-1

[Event "Winnipeg TNT Aug op"]
[Site "Winnipeg CAN"]
[Date "2005.08.16"]
[Round "3"]
[White "Schulz, Waldemar"]
[Black "Rutter, Blair"]
[Result "1-0"]
[WhiteElo "2054"]
[BlackElo "1760"]
[PlyCount "111"]
[GameId "2160767910900752"]
[EventDate "2005.08.02"]
[EventType "swiss"]
[EventRounds "4"]
[EventCountry "CAN"]
[SourceTitle "EXT 2007"]
[Source "ChessBase"]
[SourceDate "2006.11.23"]
[SourceVersion "1"]
[SourceVersionDate "2006.11.23"]
[SourceQuality "1"]

1. d4 e6 2. g3 d5 3. Bg2 Nf6 4. c4 c6 5. Nf3 Be7 6. O-O Nbd7 7. Qc2 h6 8. Nbd2 g5 9. e4 Nf8 10. Ne5 h5 11. exd5 cxd5 12. Ndf3 Ne4 13. Qa4+ Bd7 14. Nxd7 Qxd7 15. Qxd7+ Nxd7 16. c5 g4 17. Nd2 f5 18. f3 Ng5 19. b4 Nf6 20. Nb3 Nxf3+ 21. Bxf3 gxf3 22. Rxf3 h4 23. Bf4 Kd7 24. Rc1 Rag8 25. Be5 hxg3 26. hxg3 Rh3 27. Rc2 Rgh8 28. Kf1 Rh1+ 29. Ke2 R8h2+ 30. Kd3 Rd1+ 31. Kc3 Rh3 32. Rg2 Ng4 33. Bf4 Bf6 34. Rd3 Re1 35. b5 e5 36. dxe5 Bxe5+ 37. Bxe5 Rxe5 38. Nd4 Nf6 39. Kc2 Rh5 40. a4 Ng4 41. Kb3 Nf6 42. c6+ Kc7 43. cxb7 Kxb7 44. Rc2 Rh7 45. Rc6 Ne4 46. Nf3 Ree7 47. Rxd5 Nxg3 48. a5 Re3+ 49. Kb4 Re8 50. Rg6 Ne4 51. Rxf5 Rc7 52. Ne5 Nc5 53. Rc6 Ne6 54. Rf7 Rxf7 55. Nxf7 Re7 56. Nd6+ 1-0

[Event "Winnipeg TNT Aug op"]
[Site "Winnipeg CAN"]
[Date "2005.08.16"]
[Round "3"]
[White "Zhou, Lu"]
[Black "Prince, Colin"]
[Result "0-1"]
[WhiteElo "1757"]
[BlackElo "1776"]
[PlyCount "84"]
[GameId "2160767910900753"]
[EventDate "2005.08.02"]
[EventType "swiss"]
[EventRounds "4"]
[EventCountry "CAN"]
[SourceTitle "EXT 2007"]
[Source "ChessBase"]
[SourceDate "2006.11.23"]
[SourceVersion "1"]
[SourceVersionDate "2006.11.23"]
[SourceQuality "1"]

1. e4 e5 2. Nf3 Nc6 3. Bc4 Nf6 4. Ng5 d5 5. exd5 Na5 6. Bb5+ c6 7. dxc6 bxc6 8. Be2 h6 9. Nf3 e4 10. Ne5 Bd6 11. f4 Qc7 12. O-O Bxe5 13. fxe5 Qxe5 14. d4 exd3 15. Bxd3 O-O 16. Qe2 Qd4+ 17. Qe3 Qxe3+ 18. Bxe3 Nd5 19. Bc5 Re8 20. Nd2 Nb7 21. Ba3 a5 22. Be4 Bd7 23. Bxd5 cxd5 24. Rfe1 Bf5 25. c3 Be4 26. c4 Re6 27. Nxe4 dxe4 28. Rad1 Rd8 29. Rxd8+ Nxd8 30. Rd1 Nc6 31. Rd6 Rxd6 32. Bxd6 f5 33. Kf2 Kf7 34. Ke3 g5 35. g3 Ke6 36. Bf8 h5 37. Bg7 Ne5 38. Bxe5 Kxe5 39. b3 f4+ 40. gxf4+ gxf4+ 41. Kf2 Kd4 42. Kf1 e3 0-1

[Event "Winnipeg TNT Aug op"]
[Site "Winnipeg CAN"]
[Date "2005.08.23"]
[Round "4"]
[White "Boron, Anthony"]
[Black "Rutter, Blair"]
[Result "1-0"]
[WhiteElo "1981"]
[BlackElo "1760"]
[PlyCount "113"]
[GameId "2160767910900754"]
[EventDate "2005.08.02"]
[EventType "swiss"]
[EventRounds "4"]
[EventCountry "CAN"]
[SourceTitle "EXT 2007"]
[Source "ChessBase"]
[SourceDate "2006.11.23"]
[SourceVersion "1"]
[SourceVersionDate "2006.11.23"]
[SourceQuality "1"]

1. e4 e6 2. d3 d5 3. Nd2 c5 4. Ngf3 Nf6 5. g3 Nc6 6. Bg2 dxe4 7. dxe4 e5 8. O-O Bg4 9. c3 Qc7 10. Qb3 a6 11. h3 Bh5 12. Re1 b5 13. a4 Na5 14. Qc2 Be7 15. axb5 axb5 16. Nb3 Bxf3 17. Bxf3 O-O 18. Nxa5 Rxa5 19. Be3 c4 20. b3 Rxa1 21. Rxa1 Bc5 22. Bg5 Nd7 23. Kg2 h6 24. Bd2 Qb6 25. bxc4 bxc4 26. Be1 Qc6 27. Qa4 Qxa4 28. Rxa4 Nb6 29. Ra5 Rc8 30. Bg4 Rc7 31. f4 f6 32. fxe5 fxe5 33. Be6+ Kf8 34. h4 Ke7 35. Bf5 Nd7 36. Rb5 Bd6 37. Bf2 Kf6 38. Rd5 Ke7 39. Be3 Nf6 40. Rb5 Nd7 41. g4 Nf8 42. g5 g6 43. Bh3 h5 44. Rb8 Nd7 45. Rg8 Kf7 46. Ra8 Ke7 47. Kf3 Bc5 48. Ra5 Bxe3 49. Kxe3 Nc5 50. Bf1 Kd6 51. Bxc4 Re7 52. Bd5 Rc7 53. c4 Rg7 54. Rb5 Nd7 55. Rb7 Re7 56. Kd2 Nf8 57. c5+ 1-0

[Event "Winnipeg TNT Aug op"]
[Site "Winnipeg CAN"]
[Date "2005.08.23"]
[Round "4"]
[White "Cheyne, Andrew"]
[Black "Oberton, Daniel"]
[Result "1/2-1/2"]
[WhiteElo "1406"]
[BlackElo "1679"]
[PlyCount "68"]
[GameId "2160767910900755"]
[EventDate "2005.08.02"]
[EventType "swiss"]
[EventRounds "4"]
[EventCountry "CAN"]
[SourceTitle "EXT 2007"]
[Source "ChessBase"]
[SourceDate "2006.11.23"]
[SourceVersion "1"]
[SourceVersionDate "2006.11.23"]
[SourceQuality "1"]

1. e4 c5 2. c3 d6 3. d4 cxd4 4. cxd4 Nf6 5. Nc3 g6 6. Nf3 Bg7 7. Bc4 e6 8. O-O O-O 9. Bg5 h6 10. Bh4 g5 11. Bg3 Nh5 12. Qd2 Nxg3 13. fxg3 Nc6 14. Ne2 Bd7 15. Rac1 Rc8 16. d5 Ne5 17. b3 Nxc4 18. bxc4 b5 19. cxb5 Bxb5 20. Rxc8 Qxc8 21. Rc1 Qd7 22. dxe6 fxe6 23. h4 gxh4 24. Nxh4 Qf7 25. Nf4 Be5 26. Nfg6 Re8 27. Nxe5 dxe5 28. Qxh6 Qg7 29. Qxg7+ Kxg7 30. Rc7+ Kf6 31. Rxa7 Bc6 32. Ra5 Bxe4 33. Nf3 Bd5 34. Ra3 e4 1/2-1/2

[Event "Winnipeg TNT Aug op"]
[Site "Winnipeg CAN"]
[Date "2005.08.23"]
[Round "4"]
[White "Cleto, Sam"]
[Black "De Groot, Steven"]
[Result "1-0"]
[WhiteElo "1808"]
[BlackElo "1617"]
[PlyCount "85"]
[GameId "2160767910900756"]
[EventDate "2005.08.02"]
[EventType "swiss"]
[EventRounds "4"]
[EventCountry "CAN"]
[SourceTitle "EXT 2007"]
[Source "ChessBase"]
[SourceDate "2006.11.23"]
[SourceVersion "1"]
[SourceVersionDate "2006.11.23"]
[SourceQuality "1"]

1. e4 c5 2. c4 Nc6 3. Nf3 e6 4. Nc3 a6 5. d4 cxd4 6. Nxd4 Nf6 7. Be2 Qc7 8. O-O Be7 9. a3 O-O 10. b4 d6 11. Nf3 Bd7 12. Bb2 Rfd8 13. Rc1 Rac8 14. Qb3 Bf8 15. Rfe1 Ne7 16. Bf1 Ng6 17. b5 axb5 18. Nxb5 Qb8 19. Bxf6 gxf6 20. a4 Rc5 21. Qe3 Rdc8 22. Qd4 e5 23. Qe3 Be6 24. Nd2 Qa8 25. Nb3 Bxc4 26. Nxc5 Bxf1 27. Nd7 Rxc1 28. Nxf6+ Kg7 29. Nh5+ Kg8 30. Rxc1 Bxb5 31. axb5 Qa4 32. Nf6+ Kg7 33. Ne8+ Kg8 34. Nc7 Nf4 35. g3 Ng6 36. h4 Bg7 37. h5 Nf8 38. Qg5 h6 39. Qg4 Qa3 40. Rd1 Qc5 41. Ne8 Ne6 42. Nxd6 Nd4 43. Nf5 1-0

[Event "Winnipeg TNT Aug op"]
[Site "Winnipeg CAN"]
[Date "2005.08.23"]
[Round "4"]
[White "Essery, Richard"]
[Black "Klassen, Paul"]
[Result "1-0"]
[WhiteElo "1710"]
[BlackElo "1530"]
[PlyCount "47"]
[GameId "2160767910900757"]
[EventDate "2005.08.02"]
[EventType "swiss"]
[EventRounds "4"]
[EventCountry "CAN"]
[SourceTitle "EXT 2007"]
[Source "ChessBase"]
[SourceDate "2006.11.23"]
[SourceVersion "1"]
[SourceVersionDate "2006.11.23"]
[SourceQuality "1"]

1. e4 c5 2. d4 cxd4 3. c3 dxc3 4. Nxc3 Nc6 5. Nf3 d6 6. Bc4 e6 7. O-O Nf6 8. Bf4 a6 9. Bb3 b5 10. Qc2 Bb7 11. Qe2 Be7 12. Rfd1 Qc7 13. Rac1 O-O 14. Nd5 Nxd5 15. exd5 exd5 16. Bxd5 Qd7 17. Bxc6 Bxc6 18. Ne5 Qe6 19. Rxc6 f6 20. Qg4 Qxg4 21. Nxg4 Rfd8 22. Ne3 Kf7 23. Bxd6 Ke6 24. Bc7+ 1-0

[Event "Winnipeg TNT Aug op"]
[Site "Winnipeg CAN"]
[Date "2005.08.23"]
[Round "4"]
[White "Gibson, Fred"]
[Black "Anderson, George"]
[Result "0-1"]
[WhiteElo "1195"]
[BlackElo "1508"]
[PlyCount "68"]
[GameId "2160767910900760"]
[EventDate "2005.08.02"]
[EventType "swiss"]
[EventRounds "4"]
[EventCountry "CAN"]
[SourceTitle "EXT 2007"]
[Source "ChessBase"]
[SourceDate "2006.11.23"]
[SourceVersion "1"]
[SourceVersionDate "2006.11.23"]
[SourceQuality "1"]

1. e4 e6 2. d4 d5 3. exd5 exd5 4. Nf3 c5 5. c3 Qb6 6. Be2 Nc6 7. Na3 Bg4 8. O-O Nf6 9. Re1 Be7 10. Ne5 Bxe2 11. Rxe2 cxd4 12. Nxc6 bxc6 13. Qxd4 Qxd4 14. cxd4 Kd7 15. Nc2 Rhe8 16. Be3 Bd6 17. Ne1 Rab8 18. b3 Ng4 19. g3 h5 20. Nf3 Nf6 21. Rae1 Ne4 22. Ng5 Bb4 23. Nxf7 Bxe1 24. Ne5+ Rxe5 25. Rxe1 Ree8 26. Bf4 Rb7 27. f3 Nc3 28. Re5 Rxe5 29. Bxe5 g6 30. Kf2 Nxa2 31. h3 Rxb3 32. g4 Nb4 33. Kg3 a5 34. gxh5 gxh5 0-1

[Event "Winnipeg TNT Aug op"]
[Site "Winnipeg CAN"]
[Date "2005.08.23"]
[Round "4"]
[White "Khedkar, Jay S"]
[Black "Kohalmi, Andy"]
[Result "1-0"]
[WhiteElo "1880"]
[BlackElo "1605"]
[PlyCount "71"]
[GameId "2160767910900761"]
[EventDate "2005.08.02"]
[EventType "swiss"]
[EventRounds "4"]
[EventCountry "CAN"]
[SourceTitle "EXT 2007"]
[Source "ChessBase"]
[SourceDate "2006.11.23"]
[SourceVersion "1"]
[SourceVersionDate "2006.11.23"]
[SourceQuality "1"]

1. e4 c5 2. Nf3 a6 3. d4 cxd4 4. Nxd4 Nf6 5. Nc3 e5 6. Nf5 d6 7. Ne3 Be6 8. Bd3 Nbd7 9. Ned5 Be7 10. O-O O-O 11. a4 Bxd5 12. exd5 Rc8 13. Be3 Re8 14. f3 Nb6 15. a5 Nc4 16. Bxc4 Rxc4 17. Qd3 Qc8 18. Ra4 Rxa4 19. Nxa4 Bd8 20. b4 e4 21. fxe4 Nxe4 22. Rf4 Qd7 23. Nb6 Bxb6 24. Bxb6 Nf6 25. Bf2 Qe7 26. Bh4 Qe5 27. Rf5 Qa1+ 28. Rf1 Qe5 29. Bxf6 gxf6 30. c4 Kg7 31. Rd1 Qe3+ 32. Qxe3 Rxe3 33. c5 dxc5 34. d6 Re8 35. bxc5 Kf8 36. Rb1 1-0

[Event "Winnipeg TNT Aug op"]
[Site "Winnipeg CAN"]
[Date "2005.08.23"]
[Round "4"]
[White "Prince, Colin"]
[Black "Zaczek, Jonathon"]
[Result "0-1"]
[WhiteElo "1776"]
[BlackElo "2065"]
[PlyCount "70"]
[GameId "2160767910900762"]
[EventDate "2005.08.02"]
[EventType "swiss"]
[EventRounds "4"]
[EventCountry "CAN"]
[SourceTitle "EXT 2007"]
[Source "ChessBase"]
[SourceDate "2006.11.23"]
[SourceVersion "1"]
[SourceVersionDate "2006.11.23"]
[SourceQuality "1"]

1. e4 c5 2. Nf3 Nc6 3. d4 cxd4 4. Nxd4 Nf6 5. Nc3 d6 6. Be2 e6 7. Be3 a6 8. f4 Qc7 9. O-O Be7 10. Qe1 Bd7 11. Rd1 Rc8 12. Bf3 b5 13. a3 Na5 14. Rd3 Nc4 15. Bc1 Qc5 16. Kh1 a5 17. Nb3 Qc7 18. Nd2 b4 19. axb4 axb4 20. Ne2 Nxd2 21. Rxd2 O-O 22. c3 Bb5 23. cxb4 d5 24. exd5 Nxd5 25. Bxd5 exd5 26. Nc3 Bxf1 27. Nxd5 Qxc1 28. Nxe7+ Kh8 29. Rd1 Bxg2+ 30. Kxg2 Rc2+ 31. Kf3 Qxb2 32. Rb1 Rc3+ 33. Kg4 Qg2+ 34. Kf5 Qh3+ 35. Ke4 Qe6+ 0-1

[Event "Winnipeg TNT Aug op"]
[Site "Winnipeg CAN"]
[Date "2005.08.23"]
[Round "4"]
[White "Reimer, Bruce"]
[Black "Lafreniere, Adrian"]
[Result "0-1"]
[WhiteElo "1474"]
[BlackElo "1770"]
[PlyCount "72"]
[GameId "2160767910900763"]
[EventDate "2005.08.02"]
[EventType "swiss"]
[EventRounds "4"]
[EventCountry "CAN"]
[SourceTitle "EXT 2007"]
[Source "ChessBase"]
[SourceDate "2006.11.23"]
[SourceVersion "1"]
[SourceVersionDate "2006.11.23"]
[SourceQuality "1"]

1. c4 Nf6 2. g3 g6 3. Bg2 Bg7 4. Nc3 c6 5. e4 d6 6. Nge2 O-O 7. O-O Bg4 8. h3 Be6 9. b3 d5 10. cxd5 cxd5 11. Nf4 Nxe4 12. Nxe6 fxe6 13. Bxe4 dxe4 14. Rb1 Qd3 15. Qe2 Bd4 16. Qxd3 exd3 17. Ba3 Nc6 18. Rbe1 Ne5 19. Re4 Bxc3 20. dxc3 Nf3+ 21. Kg2 Nd2 22. Rd4 Nxf1 23. Kxf1 Rfd8 24. Bxe7 Rxd4 25. cxd4 Rc8 26. Ke1 Rc2 27. a4 Kf7 28. Bd6 Ke8 29. b4 Kd7 30. Bf8 Kc6 31. b5+ Kd5 32. Bg7 Ke4 33. a5 Re2+ 34. Kf1 a6 35. bxa6 bxa6 36. Be5 Kf3 0-1

[Event "Winnipeg TNT Aug op"]
[Site "Winnipeg CAN"]
[Date "2005.08.23"]
[Round "4"]
[White "Zhou, Lu"]
[Black "Nikouline, Alexandre"]
[Result "0-1"]
[WhiteElo "1757"]
[BlackElo "1924"]
[PlyCount "56"]
[GameId "2160767910900764"]
[EventDate "2005.08.02"]
[EventType "swiss"]
[EventRounds "4"]
[EventCountry "CAN"]
[SourceTitle "EXT 2007"]
[Source "ChessBase"]
[SourceDate "2006.11.23"]
[SourceVersion "1"]
[SourceVersionDate "2006.11.23"]
[SourceQuality "1"]

1. e4 c5 2. Nf3 Nc6 3. d4 cxd4 4. Nxd4 Nf6 5. Nc3 e5 6. Ndb5 d6 7. Bg5 a6 8. Na3 b5 9. Nd5 Be7 10. Bxf6 Bxf6 11. c3 Bg5 12. Nc2 Be6 13. Be2 O-O 14. O-O Ne7 15. Ncb4 Nxd5 16. Nxd5 Rb8 17. a3 Qc8 18. Nb4 Rb6 19. a4 a5 20. Nd5 Bxd5 21. Qxd5 bxa4 22. Bb5 Qc5 23. Qxc5 dxc5 24. c4 Rd6 25. Rxa4 Bd2 26. Rd1 Rfd8 27. Raa1 Rd4 28. Bc6 Rxc4 0-1